[Event "RACC Rapid Ch"]
[Site "Ottawa"]
[Date "2019.05.03"]
[Round "3"]
[White "Upper, John"]
[Black "Yang, Fan"]
[Result "1-0"]
[WhiteElo "2127"]
[BlackElo "1913"]
[Annotator "John Upper"]
[PlyCount "27"]
[EventDate "2019.05.03"]
[EventType "swiss (rapid)"]
[EventRounds "2"]
[EventCountry "CAN"]

{[%mdl 32768]} 1. c4 e5 2. Nc3 Nf6 3. Nf3 Nc6 4. e3 d5 5. cxd5 Nxd5 6. Bb5 {
long think for Black here} Nxc3 7. bxc3 e4 {[#]} 8. Nd4 ({DC REP} 8. Ne5 $142
Bd7 9. Nxd7 Qxd7 10. f3 $1 $16 {White is going to get the whole center. Here
is a very convincing example:} a6 11. Ba4 $1 Qe6 12. O-O Bd6 13. Bc2 $1 Qh6 14.
h3 exf3 15. Rxf3 $5 O-O 16. d4 Rad8 17. e4 Qh4 18. Be3 Na5 19. e5 $1 {
Positionally and tactically strong.} Be7 (19... Bxe5 20. Bf2 Qh6 21. Rf5 {
skewering the minors on the 5th, or if Black saves them with} f6 {then} 22. Rh5
$1 Qf4 23. g3 $18 {traps the Q.}) 20. Qd3 g6 21. Rf4 Qh5 22. Raf1 {All five of
White's pieces are pointed at the Black K.} Bg5 23. Rg4 Bxe3+ 24. Qxe3 Nc4 25.
Qf4 h6 26. Qg3 Kh7 27. Rh4 Qe2 28. Rxf7+ $1 {1-0 Agdestein,S (2630)-Al Qudaimi,
B (2396) Tromsoe Ol, 2014.}) 8... Bd7 {I had a long think here, and didn't see
anything convincing.} (8... Qg5 $6 9. Qa4 $8 $16 Qxg2 10. Rf1 Bd6 (10... Bh3 $2
11. Bxc6+ Kd8 12. Bb5 $8 $18) 11. Nxc6 $16) 9. O-O {But at least my move was
better than Nigel's...} (9. Nxc6 $6 Bxc6 $6 (9... bxc6 $142 $13) 10. Bxc6+ bxc6
11. Qa4 Qd5 12. Rb1 Bc5 13. c4 Qd6 $14 {(1-0, 57) Short,N (2707)-Leibenguth,P 
(1638) Bastia, 2012.}) 9... Bd6 10. d3 $1 Nxd4 $2 11. Bxd7+ Qxd7 12. exd4 $1
exd3 13. Re1+ $1 Be7 $4 (13... Kf8 14. Qxd3 $16) 14. Ba3 1-0

[Event "RACC Ch"]
[Site "Ottawa"]
[Date "2018.02.22"]
[Round "6"]
[White "Upper, John"]
[Black "Dukic, Zachary"]
[Result "1-0"]
[WhiteElo "2112"]
[BlackElo "2243"]
[Annotator "John Upper"]
[PlyCount "131"]
[EventDate "2018.02.22"]
[EventType "swiss"]
[EventRounds "2"]
[EventCountry "CAN"]

1. Nf3 {The following game was from the penultimate round of the 2018 RACC
Championship. I was tied for the lead and my opponent was ½ point behind, and
so felt he needed to play for a win.} Nf6 2. c4 g6 3. Nc3 Bg7 4. d4 O-O 5. e4
d6 6. Be2 e5 7. d5 a5 8. Bg5 h6 9. Bh4 Na6 10. Nd2 Qe8 11. O-O Bd7 12. Kh1 {
Here I got carried away with a silly brainstorm...} (12. b3 {is the DC REP
move, as in the game vs Xu.}) 12... Nh7 {[#]} 13. g4 $6 {now ...f5 allows
exchanges which leave me with a N outpost on e4. Aren't I clever!} (13. f3 $142
h5 14. Nb3 b6 15. Nc1 Bh6 16. Nd3 Be3 17. Re1 Nc5 18. Bf1 {½-½ Petrosian,
T-Hort,V Lugano, 1968.}) (13. a3 $142 h5 14. f3 Bh6 15. b3 Be3 16. Rb1 f5 17.
exf5 gxf5 18. b4 axb4 19. axb4 Kh8 20. Bd3 Qg6 21. Qe2 Qh6 22. Rfd1 Rae8 23.
Qe1 Rg8 24. Nf1 Bg5 $13 {(½-½, 42) Topalov,V (2780)-Mamedyarov,S (2760) Wijk
aan Zee, 2008.}) 13... Bf6 $1 {So much for "clever". Black just plays a
different plan: trade or improve the DSB.} 14. Bg3 Qe7 15. a3 Bg5 16. Rb1 $6 {
[#] If White wants any queenside pressure then he has to go b3 here,
preventing Black's next. I knew this, but my disappointment that 13.g4 was
just weak left me doubting my form, and I thought the position with the white
pawn on a4 would be a safe hold. That's probably true, but with so little
resilience, maybe White should stick with tic-tac-toe rather than chess?} a4
17. b4 axb3 18. Nxb3 b6 19. a4 Nc5 20. Nxc5 bxc5 21. Bd3 Ra7 22. Nb5 $6 Bxb5
23. cxb5 $11 Rfa8 24. Ra1 Ra5 25. f3 Bh4 $1 {Before Be1 allows the a-pawn to
advance.} 26. Bc2 Nf8 27. Qd2 Kg7 28. Kg2 Nd7 29. Rfb1 Nb6 30. Ra2 R8a7 31.
Rba1 Qd8 32. Kh3 Bxg3 33. hxg3 Qa8 {[%mdl 64] [#]Critical Position Black has
maximum pressure on a4, and can also play ...Rxb5.} 34. Bd1 $4 {Defends a2
laterally to stop ...Rxb5, but this is too cute. White has more than one way
to hold the queenside, but they depend on switching play to the kingside.} (34.
Kg2 $5 {is a tricky move, setting up tactics on the h-file.} Rxb5 (34... Nxa4
$2 35. f4 $1 $16 (35. Ra3 $6 Nc3 36. Rxa5 Rxa5 37. Rh1 $16) 35... Nc3 36. Rxa5
Rxa5 37. Rxa5 Qxa5 38. fxe5 dxe5 39. b6 $3 $18 {turns the d-pawn into a
winning passer.}) 35. Rh1 g5 36. f4 $36) (34. Bb3 $142 {is simplest.} Nxa4 {
doesn't lose, but White has full counterplay after} 35. f4 $1 Nc3 (35... f6 36.
fxe5 fxe5 37. Rf1 $18 {and Black's K misses his army.}) 36. Qxc3 Rxa2 37. Rxa2
Rxa2 38. Bxa2 Qxa2 39. fxe5 $13) 34... Qd8 $2 (34... Nxa4 $1 35. Bb3 {was the
trappy idea which stopped Black taking on a4, but here} Nc3 $19 {unpins and
blocks the Q attack on a5. I'd seen this, but overlooked that I can't play QxN
without undefending on a2.}) 35. Kg2 Ra8 {After all that build up, Black goes
back to fishing on the kingside.} 36. Bb3 Qg5 37. Qxg5 hxg5 38. Kf2 Rh8 39. Kg2
Rha8 40. Kf2 Rf8 41. Bc2 {[#]} f5 42. gxf5 gxf5 43. Rh1 fxe4 44. Bxe4 Rh8 $1
45. Rxh8 Kxh8 {Black wins the d-pawn or the a-pawn, but White's rook gets
active.} 46. Ra1 Rxa4 47. Rh1+ Kg8 48. Rh5 g4 49. Rg5+ Kf7 50. Rxg4 Nc4 51. Rh4
$11 Ra2+ 52. Ke1 Rb2 53. Rh7+ Kf6 54. Rxc7 Rxb5 (54... Na3 $1 $11) 55. Bd3 $14
Rb4 56. Rd7 e4 $1 {Forcing White to make a tough choice in time trouble.} 57.
Bxc4 $5 (57. Bxe4 Rb3 {I didn't see how to make progress.}) 57... Rxc4 58. f4
Kf5 59. Rxd6 Rc2 60. Re6 {[#]All that work comes down to a R ending in mutual
time-trouble, and neither side is up to the challenge...} Rc4 $4 61. Ke2 $4 (
61. Re5+ $18 {transposes to the game.}) 61... Rc2+ $1 62. Kd1 Rc4 $4 (62... Rg2
$11) 63. Re5+ $1 $18 Kg4 64. Ke2 Rc2+ (64... Kxg3 65. Ke3 $8 $18) 65. Ke3 Rc3+
66. Kxe4 (66. Kxe4 Rc4+ (66... Kxg3 67. Rg5+ Kf2 68. d6 $18) 67. Ke3 Rc3+ 68.
Ke2 Rc4 69. Rg5+ Kh3 70. f5 $18) 1-0

[Event "RACC RR"]
[Site "Ottawa"]
[Date "2019.04.04"]
[Round "3"]
[White "Upper, John"]
[Black "Xu, Daniel"]
[Result "1/2-1/2"]
[WhiteElo "2174"]
[BlackElo "2089"]
[Annotator "John Upper"]
[PlyCount "104"]
[EventType "tourn"]
[EventRounds "2"]
[EventCountry "CAN"]

{[%mdl 32768] My opponent in this game went on to win the 2019 CYCC U14
Championship three months later.} 1. c4 Nf6 2. Nc3 g6 3. e4 d6 4. d4 Bg7 5. Nf3
O-O 6. Be2 e5 7. d5 a5 8. Bg5 h6 9. Bh4 Qe8 10. Nd2 Na6 11. O-O Nh7 12. a3 Bd7
13. b3 h5 14. f3 Bh6 15. Rb1 (15. Bf2 {prevents the Bh6 relocation, but frees
the Black Q to start kingside play with} Qe7) 15... Be3+ 16. Kh1 Bc5 {[#]All
theory so far.... but now I play...} 17. Nb5 $5 ({DC has this:} 17. Qc1 $1 {
guarding a3 and preparing Na2 and b3-b4, saying "We have reached the main line
of the main line Petrosian System..." - DC So, despite my efforts, I once
again failed to reach the main line :( DC covers three Black tries here: 17...
f5, 17...c6, and 17...Kh8 in about three pages of analysis.} f5 18. exf5 gxf5
19. f4 e4 20. Re1 Nf6 21. h3 Qg6 22. Nf1 Rf7 23. Ne3 Rg7 24. Bf1 {when White
had a solid defense on the kingside and went back to queenside expansion with}
Nh7 25. Nc2 Bb6 26. b4 $16 {in: Granda Zuniga,J (2647)-Flores,D (2598) Mar del
Plata, 2012 (1-0, 70).}) 17... c6 18. b4 $1 {A pawn sac for initiative and
enough pressure to get it back. Although this is a different pawn sac than the
c4-c5 vs Cummings, the idea is similar: White has a space advantage on the
queenside and uses a pawn sac to open more lines, in this case for the majors.}
axb4 19. axb4 Bxb4 20. Nc7 (20. Rxb4 $5 cxb5 21. Rb2 b4 22. Qb3 $5 {hoping to
zigzag into b6.}) 20... Nxc7 21. Rxb4 {[#]} b5 22. dxc6 (22. cxb5 c5 23. Rb2
Nxb5 24. Nc4 g5 $1 25. Bf2 $13) 22... Bxc6 23. cxb5 (23. Qc1 $5 Ra4 24. Rb1 b4
25. c5 d5 $13) (23. Qb1 Na6 24. Rxb5 $5 Bxb5 25. cxb5 Rb8 (25... Nc5 26. Nc4
$14) 26. Qd3 (26. b6 $142) 26... Nc5 27. Qxd6 Qd7 $1 {I didn't see an
advantage here.}) 23... Nxb5 24. Nc4 Nc3 25. Qd2 Nxe2 26. Qxe2 Bb5 27. Rfb1
Bxc4 (27... Rb8 $4 28. Qb2 $18) 28. Qxc4 {[#]A position I saw at move 18.
White's majors are better coordinated, and Black's kingside dark squares could
be weak if his pawns advance.} g5 $1 29. Be1 Rc8 30. Qd3 Qd7 31. h4 $5 {
Gumptiony.} Rfd8 (31... g4 32. f4 exf4 33. Bd2 $132) 32. hxg5 Nxg5 33. Bh4 (33.
Rb7 Rc7 34. Ba5 Rxb7 35. Rxb7 Qxb7 36. Bxd8 Ne6 37. Qxd6 {and Black draws with}
Qc8 $1 38. Bh4 (38. Bf6 $4 Qc1+ 39. Kh2 Qf4+ $19) 38... Qc5 $11) 33... f6 {
[#] I thought I was winning here, but I couldn't find it.} 34. Qd2 $1 $14 Qg7
$1 ({I was worried about this} 34... Nxf3 $5 {because Black is OK after} 35.
gxf3 $2 ({During the game I missed this in-between move} 35. Qd5+ $1 {which
destroys Black's coordination:} Kg7 36. Rb7 Nxh4 37. Qxd6 $1 Rc1+ $8 38. Rxc1
Qxb7 39. Rc7+ $16) 35... Qh3+ 36. Qh2 Qxf3+ 37. Qg2+ Qxg2+ 38. Kxg2 Kf7 $13)
35. Rb7 Qg6 36. Ra7 $6 (36. R1b6 $142 {ties Black down, as now} d5 $6 {runs
into} 37. exd5 Rc2 38. Rxf6 $1 $18 {or even Qxg5!?}) 36... d5 $1 $11 37. Bxg5 (
37. Rb6 dxe4 38. Qxg5 $8 Qxg5 39. Bxg5 fxg5 $11) 37... Qxg5 38. Qxg5+ (38. Qa2
Rc1+ $11) 38... fxg5 39. exd5 Rxd5 40. Rbb7 $11 {[#] White still has activity
for the pawn, but it's only enough to draw.} g4 41. Rg7+ Kf8 42. Rh7 Kg8 43.
fxg4 hxg4 44. Rag7+ Kf8 45. Rxg4 Rcd8 46. Rgg7 e4 47. Rf7+ Kg8 48. Rhg7+ Kh8
49. Re7 Re5 $1 {Simplest, breaking up White's doubled Rs on the 7th.} 50. Rh7+
Kg8 51. Rxe5 (51. Reg7+ Kf8 52. g4 e3 53. Rf7+ (53. g5 $4 e2 $19) 53... Ke8 54.
Rc7 Rd7 $8 55. Rc8+ Rd8 56. Rcc7 Rd7 57. Rh8+ Ke7 58. Rh7+ Ke8 $8 $11) 51...
Kxh7 52. Rxe4 Rd6 {I forced him to play out another 20 moves, but it turned
out that he knew how to draw this drawn endgame.} 1/2-1/2